000 00479nam a2200193Ia 4500
005 20250923150004.0
008 008 250917s9999 xx 000 0 eng d
037 _aTextual
040 _aDSWL
_beng
_cDSWL
041 _aeng
_2eng
084 _qDSWL
245 0 _aSocial Planning
_cEd. by M. Nambiar
260 _aBombay
_bSocial Work I.S.S.N.N. India
_c1966
300 _aiv,68 p.
365 _bGift
925 _gGift
942 _cTEXL
999 _c1458197
_d1458197